000 00541nam a2200181Ia 4500
008 240925s9999 xx 000 0 und d
020 _a9788131732458
082 _a004.22 STA
100 _aStallings, William
245 0 _aComputer Organization and Architecture: designing for performance
250 _a8th
260 _aNew Delhi:
_bPearson Education
_c,2010.
300 _axv,251p.
_bN.A
_fOriginal
500 _aIncludes Index
600 _aComputer Science
650 _aComputer science, information & general works
942 _cBK
999 _c11128
_d11128